000 00951naa a22002657a 4500
001 BR7903130
003 BR-BrBNA
005 20240918174402.0
007 ta
008 230509b bl.||||| |||| 00| 0 por d
040 _aBR-BrBNA
_bpor
_cBiblioteca Nacional de Agricultura
041 _a(Pt)
072 _aK20
_b/G514
090 _aK20 BR7903130
100 1 _aAlvarenga, R. de M.
111 1 _a4. Encontro Nacional de Reflorestadores
_cCampo Grande, MT (Brazil)
_d10 May 1978
245 1 _aPolitica florestal [Brasil]
260 3 _aSao Paulo, SP (Brasil):
_c1978.
500 _aAnais do 4. Encontro Nacional de Reflorestamento Sao Paulo, SP (Brasil): 1978. p. 27-32 (BR7903130-AM)K20
650 _aADMINISTRACAO FLORESTAL
650 _aPOLITICA FLORESTAL
773 0 _tAnais do 4. Encontro Nacional de Reflorestamento
_wK20 BR7903130
_gSao Paulo, SP (Brasil), 1978. p. 27-32
909 _a202404
_bLucia
_c55
_dLucia Elande
942 _cAM
_2AGRIS
999 _c310896
_d310896